Electronics: a systems approach (Record no. 6007)
[ view plain ]
| 000 -LEADER | |
|---|---|
| fixed length control field | 00505 a2200169 4500 |
| 020 ## - INTERNATIONAL STANDARD BOOK NUMBER | |
| International Standard Book Number | 981405349X |
| 040 ## - CATALOGING SOURCE | |
| Original cataloging agency | DLC |
| 082 ## - DEWEY DECIMAL CLASSIFICATION NUMBER | |
| Classification number | 621.381 |
| 100 ## - MAIN ENTRY--PERSONAL NAME | |
| Personal name | Storey, Neil. |
| 245 ## - TITLE STATEMENT | |
| Title | Electronics: a systems approach |
| Statement of responsibility, etc. | Neil Storey. |
| 250 ## - EDITION STATEMENT | |
| Edition statement | 2nd ed. |
| 260 ## - PUBLICATION, DISTRIBUTION, ETC. | |
| Place of publication, distribution, etc. | New Delhi: |
| Name of publisher, distributor, etc. | Pearson Education Asia, |
| Date of publication, distribution, etc. | 2000. |
| 300 ## - PHYSICAL DESCRIPTION | |
| Extent | xv, 672 p. : |
| Other physical details | ill. ; |
| Dimensions | 24 cm. |
| 500 ## - GENERAL NOTE | |
| General note | Includes bibliographical references and index. |
| 650 ## - SUBJECT ADDED ENTRY--TOPICAL TERM | |
| Topical term or geographic name entry element | 1.Electronic systems.2.Electronic circuits. |
| 942 ## - ADDED ENTRY ELEMENTS (KOHA) | |
| Koha item type | Book |
| Call number prefix | 621.381 STO |
| Source of classification or shelving scheme | |
| Withdrawn status | Lost status | Damaged status | Not for loan | Collection code | Permanent Location | Current Location | Shelving location | Date acquired | Source of acquisition | Cost, normal purchase price | Total Checkouts | Full call number | Barcode | Date last seen | Date last checked out | Price effective from | Koha item type | Total Renewals |
|---|---|---|---|---|---|---|---|---|---|---|---|---|---|---|---|---|---|---|
| Central Library (CL) | Central Library (CL) | General Stacks | 12/05/2001 | Oxford University Press | 244.00 | 1 | 621.381 STO | SEECS001506 | 04/26/2014 | 04/02/2014 | 01/05/2017 | Book | ||||||
| Central Library (CL) | Central Library (CL) | General Stacks | 12/05/2001 | Oxford University Press | 244.00 | 1 | 621.381 STO | SEECS001507 | 04/06/2023 | 12/07/2022 | 01/05/2017 | Book | 3 |
